000 00697nam a2200253Ia 4500
003 OSt
005 20220918185129.0
006 a|||||r|||| 00| 0
007 ta
008 220917b |||||||| |||| 00| 0 eng d
024 _a49,714
037 _cTextual
040 _aARTS
_cARTS
_beng
041 _2eng
_aeng
082 _aP:2, M5
100 _aVybee Joan L
_967933
245 0 _aMorphology
_b a study of the relation between meaning and form
260 _aAmsterdam
_bJohn Benjanins
_c1985
300 _axii,234p.
_ccm.
490 _aTypological studies in language; 9
650 _aLINGUISTICS
942 _hP:2, M5
_cTEXL
_2CC
999 _c179336
_d179336